Diagnostie et traitement des rétrécissements de l'oesophage et de la trachée / (Record no. 76617)

MARC details
000 -LEADER
campo de control de longitud fija 00481nam a2200157 i 4500
001 - NÚMERO DE CONTROL
campo de control 76617
003 - IDENTIFICADOR DE NÚMERO DE CONTROL
campo de control ES-MaACL
005 - FECHA Y HORA DE LA ÚLTIMA TRANSACCIÓN
campo de control 20230906172911.0
007 - CAMPO FIJO DE DESCRIPCIÓN FÍSICA--INFORMACIÓN GENERAL
campo de control de longitud fija t|
008 - DATOS DE LONGITUD FIJA--INFORMACIÓN GENERAL
campo de control de longitud fija 041004s1923 fr ||||1| fre d
100 1# - ENTRADA PRINCIPAL--NOMBRE DE PERSONA
Nombre de persona Guisez, Jean.
9 (RLIN) 60902
245 10 - MENCIÓN DEL TÍTULO
Título Diagnostie et traitement des rétrécissements de l'oesophage et de la trachée /
Mención de responsabilidad, etc. Jean Guisez.
260 ## - PUBLICACIÓN, DISTRIBUCIÓN, ETC.
Lugar de publicación, distribución, etc. Paris :
Nombre del editor, distribuidor, etc. [s.n.,
Fecha de publicación, distribución, etc. 1923] (
Lugar de fabricación/manufactura Laval :
Fabricante Barneoud)
300 ## - DESCRIPCIÓN FÍSICA
Extensión 364 p., 2 lám. ;
Dimensiones 25 p.
852 ## - LOCALIZACIÓN
Ubicación ES-MaACL
Número de control de estantería B-11985
Holdings
Estatus retirado Estado de pérdida Estado de daño No para préstamo Biblioteca de origen Biblioteca actual Ubicación en estantería Fecha de adquisición Fuente de adquisición Total de préstamos Signatura topográfica completa Código de barras Visto por última vez Precio de reemplazo Tipo de ítem Koha
        Biblioteca del Ateneo de Madrid Biblioteca del Ateneo de Madrid Sala Pardo Bazán 17/01/2008     B-11985 1080172 23/02/2023 23/02/2023 Libro impreso